000 00311nam a22001457a 4500
008 210528b ||||| |||| 00| 0 eng d
020 _a0387905294
041 _aeng
080 _a575
082 _a575
100 _a9
101 _aIMU
245 _aFundamentals of Immunology
_cBier,O.G
942 _2udc
_cBK
999 _c57779
_d57779